书目信息 |
| 题名: |
徐州会战
|
|
| 作者: | 刘琦 , 覃异之 , 高德昌 编 | |
| 分册: | ||
| 出版信息: | 北京 中国文史出版社 1985 |
|
| 页数: | 397页 | |
| 开本: | 19cm | |
| 丛书名: | 原国民党将领抗日战争亲历记 | |
| 单 册: | ||
| 中图分类: | K265.21 , I25 | |
| 科图分类: | ||
| 主题词: | 徐州会战(1938) , 报告文学--中国 , 传记文学--中国 | |
| 电子资源: | ||
| ISBN: | ||
| 000 | 00799oam2 2200301 450 | |
| 001 | 1538573463 | |
| 005 | 20150122104319.95 | |
| 010 | @dCNY3.05 | |
| 091 | @a11224.135 | |
| 100 | @a19900816d1985 em y0chiy0110 ea | |
| 101 | 0 | @achi |
| 102 | @aCN@b110000 | |
| 105 | @ay z 000yd | |
| 200 | 1 | @a徐州会战@9xu zhou hui zhan@f刘琦等编 |
| 210 | @a北京@c中国文史出版社@d1985 | |
| 215 | @a397页@d19cm | |
| 225 | 2 | @a原国民党将领抗日战争亲历记 |
| 461 | 0 | @12001 @a原国民党将领抗日战争亲历记 |
| 606 | 0 | @a徐州会战(1938) |
| 606 | 0 | @a报告文学@x中国 |
| 606 | 0 | @a传记文学@x中国 |
| 690 | @aK265.21@v5 | |
| 690 | @aI25@v4 | |
| 701 | 0 | @a刘琦@9liu qi@4编 |
| 701 | 0 | @a覃异之@9qin yi zhi@4编 |
| 701 | 0 | @a高德昌@9gao de chang@4编 |
| 801 | 0 | @aCN@bTSSF@c20150122 |
| 905 | @aZUCC@dI25@eJY61 | |
| 徐州会战/刘琦等编.-北京:中国文史出版社,1985 |
| 397页;19cm.-(原国民党将领抗日战争亲历记) |
| ISBN :CNY3.05 |
| ● |
| 相关链接 |
|
|
|
|
正题名:徐州会战
索取号:I25/JY61
 
预约/预借
| 序号 | 登录号 | 条形码 | 馆藏地/架位号 | 状态 | 备注 |
| 1 | 7843368 | 278433688 | 学院路分馆/ [索取号:I25/JY61] | 在馆 |